Effection Lazio Rome saison 25/26 - Statistiques

Statistiques générales
  • Ce quiz a été pris 10 fois
  • Le résultat moyen est 12 sur 26
Statistiques - réponses
Hint Réponse % Correct
MC Mattéo Guendouzi
100%
DC Alessio Romagnoli
78%
AD Gustav Isaksen
67%
AG Mattia Zaccagni
67%
AD Pedro
67%
BU Taty Castellanos
67%
DD Adam Marusic
56%
MD Manuel Lazzari
56%
DC Mario Gila
56%
DC Samuel Gigot
56%
MC Toma Basic
56%
BU Boulaye Dia
44%
G Ivan Provedel
44%
DG Luca Pellegrini
44%
MC Matias Vecino
44%
MDC Nicolo Rovella
44%
DC Oliver Provstgaard
44%
AD Tijani Noslin
44%
G Christos Mandas
33%
MDC Danilo Cataldi
33%
DG Nuno Tavares
33%
DC Patric
33%
DD Elseid Hysaj
22%
MOC Fisayo Dele-Bashiru
22%
MOC Cristo Munoz
11%
MDC Reda Belahyane
11%
Aucun quiz correspondant
Distribution des résultats
% des personnes avec chaque résultat
Percentile par nombre de réponses
Votre historique - résultats
Vous n’avez pas pris ce quiz